000 00339 a2200145 4500
001 164809
020 _a
040 _cMagnum
100 _aDantas, Estelio H. M. (Org)
240 1 0 _aPensando o corpo e o movimento
_lpor
245 1 0 _aPensando o corpo e o movimento
362 0 _a1899
697 _aCIENCIAS MEDICAS SAUDE
942 _cBK
999 _c164809
_d164809